000 00292nam a2200121Ia 4500
008 190216s9999||||xx |||||||||||||| ||und||
100 _aHajela T N
245 0 _aMacro Economics An Introduction
260 _bShivlal Agarwala & Com
_c1977
300 _a457p
650 _aEconomics
942 _cBK
999 _c9492
_d9492